|
|
|
|
| LEADER |
00000nam0a2200000 4500 |
| 001 |
362310 |
| 005 |
20231102011457.0 |
| 035 |
|
|
|a (RuTPU)RU\TPU\retro\19656
|
| 090 |
|
|
|a 362310
|
| 100 |
|
|
|a 20210722d1979 k y0rusy50 ca
|
| 101 |
0 |
|
|a rus
|
| 102 |
|
|
|a RU
|
| 105 |
|
|
|a a z 001zy
|
| 200 |
1 |
|
|a Применение ЭВМ в оптимальном планировании и управлении
|e сборник научных трудов
|h Вып. 4
|f Новосибирский государственный университет ; Новосибирский институт народного хозяйства ; под ред. А. Д. Коробкина
|
| 210 |
|
|
|a Новосибирск
|c Изд-во НГУ
|d 1979
|
| 215 |
|
|
|a 131 с.
|c ил.
|
| 320 |
|
|
|a Библиогр. в конце ст.
|
| 606 |
1 |
|
|a Оптимальное планирование
|2 stltpush
|3 (RuTPU)RU\TPU\subj\36560
|9 57893
|
| 610 |
1 |
|
|a оптимальное управление
|
| 610 |
1 |
|
|a ЭВМ
|
| 610 |
1 |
|
|a применение
|
| 610 |
1 |
|
|a экономико-математические методы
|
| 610 |
1 |
|
|a решение задач
|
| 610 |
1 |
|
|a оптимизационные модели
|
| 610 |
1 |
|
|a статистические модели
|
| 610 |
1 |
|
|a прогнозирование
|
| 610 |
1 |
|
|a автоматизированные системы управления
|
| 686 |
|
|
|a У9(2)230.37
|v LBC/SL-A
|2 rubbk
|
| 702 |
|
1 |
|a Коробкин
|b А. Д.
|4 340
|
| 712 |
0 |
2 |
|a Новосибирский государственный университет
|2 stltpush
|3 (RuTPU)RU\TPU\col\721
|9 23472
|
| 712 |
0 |
2 |
|a Новосибирский институт народного хозяйства
|2 stltpush
|3 (RuTPU)RU\TPU\col\5064
|9 24050
|
| 801 |
|
1 |
|a RU
|b 63413507
|c 20210722
|
| 942 |
|
|
|c BK
|